000 00499nam a2200157Ia 4500
008 210716s2019 xx 000 0 und d
020 _a9788126556397
041 _aeng
082 _a651.7 CHAG
100 _aChauhan, Gajendra; Sharma, Sangeeta.
245 _aSoft skills: an integrated approach to maximise personality.
_bIntegrated approach to maximise personality.
250 _a1
260 _aNew Delhi
_bWiley India Pvt Ltd
_c2019
300 _axxiii,244
650 _aBusiness Communication
999 _c197183
_d197183